000 00673nam a22002537a 4500
003 UA-OsUOA
001 35486
007 ta
008 20051202b un ||||| |||| 00| 0 ukr d
100 _aБедь Б.В.
700 _aКогут Ю.М.
090 _a336(075.8)
_bБ38
942 _cBK
040 _aUA-OsUOA
_bukr
_cUA-OsUOA
_dUA-OsUOA
245 _aФінанси
_bНав.-метод. посіб. для самост. вивчення дисципліни
300 _a168 с.
955 _a2
041 _aukr
080 _a336(075.8)
020 _a966-608-444-9
260 _aК.
_bМАУП
_c2004
650 7 _a336 Фінанси
_2UDC
999 _c321849
_d321849